Thư viện Việt Nam

Uloženo v:
Podrobná bibliografie
Médium: Kniha
Jazyk:Undetermined
Vydáno: Hà Nội Thư viện Quốc gia Việt Nam 2019
Témata:
Tagy: Přidat tag
Žádné tagy, Buďte první, kdo otaguje tento záznam!
Thư viện lưu trữ: Trung tâm Học liệu Trường Đại học Cần Thơ
LEADER 00512nam a2200169Ia 4500
001 CTU_236441
008 210402s9999 xx 000 0 und d
082 |a 025 
082 |b Th550 
245 0 |a Thư viện Việt Nam 
245 0 |c Thư viện Quốc gia Việt Nam 
260 |a Hà Nội 
260 |b Thư viện Quốc gia Việt Nam 
260 |c 2019 
650 |a Thư viện học,Library science 
904 |i T.Trang 
980 |a Trung tâm Học liệu Trường Đại học Cần Thơ